000 00501nam a22001937a 4500
005 20140306080502.0
008 140306b xxu||||| |||| 00| 0 eng d
020 _a978-0-07-178097-1
080 _2519.2
100 _9G.Bluman, Allan
245 _aProbability/
_cG.Bluman, Allan
250 _a2 st.ed.:
260 _aNew York
_bMc Graw Hill
_c2012
300 _a245 f:
_bme il.;
_c23 cm
500 _a[Pƫrfshin indeks f. 243-245]
650 _2Probabiliteti
650 _2Logjika
942 _2udc
_cBK
999 _c408
_d408